Sri Krishna and his gospel / (Record no. 166370)
[ view plain ]
| 000 -LEADER | |
|---|---|
| fixed length control field | 01070nam a2200325 a 4500 |
| 001 - CONTROL NUMBER | |
| control field | vtls000162704 |
| 003 - CONTROL NUMBER IDENTIFIER | |
| control field | NLI |
| 005 - DATE AND TIME OF LATEST TRANSACTION | |
| control field | 20210602102936.0 |
| 008 - FIXED-LENGTH DATA ELEMENTS--GENERAL INFORMATION | |
| fixed length control field | 101125n ii 000 0 eng |
| 020 ## - INTERNATIONAL STANDARD BOOK NUMBER | |
| Terms of availability | Rs. 40.00 (pbk.) |
| 039 #9 - LEVEL OF BIBLIOGRAPHIC CONTROL AND CODING DETAIL [OBSOLETE] | |
| -- | 201011251708 |
| -- | VLOAD |
| 040 0# - CATALOGING SOURCE | |
| Original cataloging agency | NLI |
| Language of cataloging | eng |
| Transcribing agency | Entertech-FY 2010 |
| Description conventions | AACR2 |
| 041 0# - LANGUAGE CODE | |
| Language code of text/sound track or separate title | eng |
| 044 ## - COUNTRY OF PUBLISHING/PRODUCING ENTITY CODE | |
| MARC country code | ii |
| 082 04 - DEWEY DECIMAL CLASSIFICATION NUMBER | |
| Classification number | 294.5 |
| 100 1# - MAIN ENTRY--PERSONAL NAME | |
| Personal name | Shuddhananda-Bharti, Kvi Yogi |
| 9 (RLIN) | 315555 |
| 245 10 - TITLE STATEMENT | |
| Title | Sri Krishna and his gospel / |
| Statement of responsibility, etc. | Kvi Yogi Shuddhananda-Bharti |
| 260 ## - PUBLICATION, DISTRIBUTION, ETC. | |
| Place of publication, distribution, etc. | Thiruvanmiyur : |
| Name of publisher, distributor, etc. | Suddhananda Library, |
| Date of publication, distribution, etc. | 2001 |
| 300 ## - PHYSICAL DESCRIPTION | |
| Extent | 126 p. ; |
| Dimensions | 18 cm. |
| 500 ## - GENERAL NOTE | |
| General note | Includes selections from the Bhagavadgita |
| 650 #0 - SUBJECT ADDED ENTRY--TOPICAL TERM | |
| Topical term or geographic name entry element | Krishna (Hindu deity) |
| 9 (RLIN) | 4734 |
| 650 #0 - SUBJECT ADDED ENTRY--TOPICAL TERM | |
| Topical term or geographic name entry element | Hinduism |
| General subdivision | History |
| 9 (RLIN) | 209091 |
| 650 #0 - SUBJECT ADDED ENTRY--TOPICAL TERM | |
| Topical term or geographic name entry element | Religious biography |
| 9 (RLIN) | 202878 |
| 887 ## - NON-MARC INFORMATION FIELD | |
| Content of non-MARC field | |
| 901 ## - LOCAL DATA ELEMENT A, LDA (RLIN) | |
| a | DB85602 |
| b | 13.5.2002 |
| 902 ## - LOCAL DATA ELEMENT B, LDB (RLIN) | |
| a | E 294.5 Sh 91 s (1) |
| 942 ## - ADDED ENTRY ELEMENTS (KOHA) | |
| Source of classification or shelving scheme | Dewey Decimal Classification |
| Koha item type | Books |
| 949 ## - LOCAL PROCESSING INFORMATION (OCLC) | |
| -- | VIRTUAITEM |
| -- | 10000 |
| -- | 100 |
| 6 | DBA000085602ENG |
| 9 | . |
| Withdrawn status | Lost status | Damaged status | Not for loan | Collection code | Home library | Current library | Shelving location | Date acquired | Total Checkouts | Full call number | Barcode | Date last seen | Price effective from | Koha item type |
|---|---|---|---|---|---|---|---|---|---|---|---|---|---|---|
| New English | National Library of India | National Library of India | New English - Main Stack Division | E 294.5 Sh 91 s (1) | DBA000085602ENG | 02/06/2021 | 02/06/2021 | Books |
